Biggest US Cities sharing the same name as the 50 biggest US cities - Statistics

General Stats
  • This quiz has been taken 196 times
  • The average score is 4 of 37
Answers on the Map
Answers color-coded by a green-red scale on the quiz's map according to % correct below.
 
Answer Stats
Answer % Correct
Portland
68%
Kansas City
60%
Columbus
44%
Jacksonville
30%
Las Vegas
21%
Long Beach
21%
Austin
15%
Philadelphia
12%
Washington
11%
Charlotte
9%
Boston
8%
El Paso
8%
Miami
8%
Atlanta
7%
Dallas
6%
Louisville
6%
Minneapolis
6%
Oakland
6%
San Diego
6%
Bakersfield
5%
Denver
5%
Detroit
5%
Nashville
5%
Phoenix
5%
Tampa
5%
Fresno
4%
Los Angeles
4%
Baltimore
3%
Houston
3%
Memphis
3%
Mesa
3%
Omaha
3%
Raleigh
3%
Sacramento
3%
San Antonio
3%
San Jose
3%
Milwaukee
2%
No matching quizzes found
Score Distribution
Percent of People with Each Score
Percentile by Number Answered
Your Score History
You have not taken this quiz